[Event "AUTO-ADV-2792"]
[Site "http://www.queenalice.com/game.php?id=1162334"]
[Date "2013.3.18"]
[Round "1"]
[White "nitemoves"]
[Black "oevidalr"]
[Result "1-0"]
[WhiteElo "1953"]
[BlackElo "1724"]

1. e4 e5 2. Nf3 Nc6 3. Bb5 d6 4. d4 Bd7 5. Nc3 a6 6. Bc4 h6 7. O-O Nf6 8. h3 Be7
9. Re1 O-O 10. Nd5 Be6 11. Nxe7+ Qxe7 12. d5 Na5 13. Bd3 Bd7 14. b4 Nc6 15. dxc6
Bxc6 16. Bb2 b5 17. c4 bxc4 18. Bxc4 Nxe4 19. Nd2 d5 20. Bb3 Qh4 21. Nxe4 dxe4
22. Bxe5 e3 23. Rxe3 Qg5 24. g3 Qf5 25. Rc1 Bb7 26. g4 Qg6 27. Rxc7 Bc6 28. Bc2
Qg5 29. Rxc6 Rad8 30. Rd6 f6 31. Rxd8 Rxd8 32. Qxd8+ Kf7 33. Qd7+ Kf8 34. Bd6+
Kg8 35. Re8# 1-0

[Event "AUTO-ADV-2792"]
[Site "http://www.queenalice.com/game.php?id=1162341"]
[Date "2013.3.18"]
[Round "1"]
[White "favazza2007"]
[Black "nitemoves"]
[Result "0-1"]
[WhiteElo "1860"]
[BlackElo "1949"]

1. c4 c6 2. Nc3 d5 3. cxd5 cxd5 4. d4 Nf6 5. Nf3 Nc6 6. g3 Bg4 7. Bg2 Qd7 8. O-O
Bh3 9. Ne1 Bxg2 10. Nxg2 e6 11. Bf4 Be7 12. Re1 O-O 13. e4 dxe4 14. Nxe4 Qxd4
15. Nxf6+ Bxf6 16. Qxd4 Nxd4 17. Red1 Nf3+ 18. Kh1 Rfd8 19. Rxd8+ Rxd8 20. Ne1
Nxe1 21. Rxe1 Bxb2 22. Rb1 Bd4 23. Rxb7 Bxf2 24. Kg2 Bb6 25. Rb8 Rxb8 26. Bxb8
g5 27. a4 g4 28. h3 h5 29. a5 Bxa5 30. Bxa7 Kg7 31. h4 Be1 32. Bb8 Kf6 33. Kf1
Bc3 34. Ke2 Be5 35. Bxe5+ Kxe5 36. Kd3 f6 37. Ke3 f5 38. Kd3 f4 39. gxf4+ Kxf4
40. Ke2 Kg3 41. Kf1 Kh2 42. Kf2 g3+ 43. Kf1 g2+ 0-1

[Event "AUTO-ADV-2792"]
[Site "http://www.queenalice.com/game.php?id=1162342"]
[Date "2013.3.18"]
[Round "1"]
[White "nitemoves"]
[Black "favazza2007"]
[Result "0-1"]
[WhiteElo "1970"]
[BlackElo "1853"]

1. e4 d5 2. exd5 Nf6 3. c4 e6 4. Qa4+ Bd7 5. Qb3 b6 6. Nc3 Na6 7. d4 Be7 8. dxe6
fxe6 9. Nf3 O-O 10. Bd3 c5 11. d5 exd5 12. cxd5 Nb4 13. d6+ Kh8 14. Nb5 Nxd3+
15. Qxd3 Bxb5 16. Qxb5 Bxd6 17. O-O Qe8 18. Qd3 Rd8 19. Qc2 Qe4 20. Qxe4 Nxe4
21. Ng5 Nxg5 22. Bxg5 Rde8 23. Rfe1 h6 24. Be3 Be5 25. Rab1 a5 26. b3 Bc3 27.
Red1 Rd8 28. h4 Rfe8 29. Kh2 Rxd1 30. Rxd1 Re6 31. Rd7 Kg8 32. g4 Kf8 33. Kg2
Ke8 34. Rxg7 Bxg7 0-1

[Event "AUTO-ADV-2622"]
[Site "http://www.queenalice.com/game.php?id=1177587"]
[Date "2013.5.2"]
[Round "2"]
[White "rvdornel"]
[Black "nitemoves"]
[Result "1-0"]
[WhiteElo "2077"]
[BlackElo "1857"]

1. e4 c6 2. d4 d5 3. Nc3 dxe4 4. Nxe4 Bf5 5. Ng3 Bg6 6. Nf3 Nd7 7. Bd3 Bxd3 8.
Qxd3 Ngf6 9. O-O e6 10. Re1 Be7 11. Bg5 h6 12. Bxf6 Nxf6 13. c3 Qd5 14. Re5 Qd7
15. Re2 Bd6 16. Ne4 Nxe4 17. Rxe4 O-O-O 18. Rae1 1-0

[Event "AUTO-ADV-2622"]
[Site "http://www.queenalice.com/game.php?id=1177588"]
[Date "2013.5.2"]
[Round "2"]
[White "nitemoves"]
[Black "rvdornel"]
[Result "0-1"]
[WhiteElo "1850"]
[BlackElo "2084"]

1. e4 e5 2. Nf3 Nc6 3. Bb5 a6 4. Ba4 Nf6 5. O-O b5 6. Bb3 Be7 7. Re1 Bb7 8. Nc3
d6 9. a3 O-O 10. d4 exd4 11. Nxd4 Nxd4 12. Qxd4 c5 13. Qd1 Bc6 14. Bf4 a5 15.
Nd5 Nxd5 16. Bxd5 Bxd5 17. Qxd5 Ra7 18. Rad1 Rd7 19. e5 Qa8 0-1

[Event "AUTO-ADV-2622"]
[Site "http://www.queenalice.com/game.php?id=1177595"]
[Date "2013.5.2"]
[Round "2"]
[White "nitemoves"]
[Black "TITAN10"]
[Result "0-1"]
[WhiteElo "2060"]
[BlackElo "1849"]

1. e4 c5 2. b3 d6 3. Bb2 Nf6 4. Nc3 Nc6 5. Bc4 e6 6. f4 Be7 7. Nf3 a6 8. a4 O-O
9. O-O Bd7 10. Qe2 Qc7 11. Qf2 h6 12. Rae1 Rfe8 13. e5 dxe5 14. fxe5 Nh7 15. Re4
f5 16. exf6 Bxf6 17. Qxc5 Be7 18. Qe3 Nf8 19. Ne5 Nxe5 20. Rxe5 Bf6 21. Re4 Qc6
22. Qg3 Nh7 23. Bd3 Ng5 24. Re2 Rf8 25. Ba3 Rf7 26. Bg6 Bd4+ 27. Kh1 Rxf1# 0-1

[Event "AUTO-ADV-2622"]
[Site "http://www.queenalice.com/game.php?id=1177596"]
[Date "2013.5.2"]
[Round "2"]
[White "TITAN10"]
[Black "nitemoves"]
[Result "0-1"]
[WhiteElo "1786"]
[BlackElo "1991"]

1. e4 c6 2. d4 d5 3. e5 Bf5 4. Bd3 Bxd3 5. Qxd3 e6 6. Nf3 h6 7. O-O Ne7 8. Be3
Nf5 9. g4 Nxe3 10. Qxe3 Nd7 11. Nbd2 Qb6 12. Nb3 Be7 13. c3 O-O-O 14. Nfd2 Rdg8
15. c4 g5 16. c5 Qd8 17. f4 gxf4 18. Qxf4 h5 19. h3 hxg4 20. hxg4 Rh4 21. Qxf7
Rgxg4+ 22. Kf2 Rf4+ 23. Qxf4 Rxf4+ 0-1

[Event "AUTO-OPEN-2812"]
[Site "http://www.queenalice.com/game.php?id=1183874"]
[Date "2013.5.23"]
[Round "2"]
[White "kudd"]
[Black "nitemoves"]
[Result "0-1"]
[WhiteElo "1599"]
[BlackElo "2036"]

1. e4 c6 2. d4 d5 3. e5 Bf5 4. h3 e6 5. Nf3 h6 6. a3 Nd7 7. Nc3 a6 8. b4 a5 9.
b5 c5 10. Bd3 Bxd3 11. Qxd3 cxd4 12. Qxd4 Bc5 13. Qd3 Qc7 14. a4 Nxe5 15. Qe2
Bb4 16. O-O Bxc3 17. Rb1 Nxf3+ 18. Qxf3 b6 19. Rb3 Bb4 20. c3 Bd6 21. Re1 Nf6
22. Qd3 O-O 23. Re2 Rac8 24. Be3 Bc5 25. Bxc5 Qxc5 26. Rc2 Qc4 27. Qxc4 Rxc4 28.
Ra3 Rfc8 29. g4 Ne4 30. Re2 Rxc3 31. Raa2 Rxh3 32. Re3 Rxe3 33. fxe3 Rc3 0-1

[Event "AUTO-OPEN-2812"]
[Site "http://www.queenalice.com/game.php?id=1183875"]
[Date "2013.5.23"]
[Round "2"]
[White "nitemoves"]
[Black "kudd"]
[Result "1-0"]
[WhiteElo "2056"]
[BlackElo "1601"]

1. e4 e5 2. Nf3 d5 3. exd5 Qxd5 4. Nc3 Qe6 5. Be2 h6 6. O-O e4 7. Nd4 Qe5 8. Nb3
Bd6 9. g3 Bh3 10. Re1 a6 11. Nxe4 Qxe4 12. Bb5+ Bd7 13. Rxe4+ Ne7 14. Bxd7+ Nxd7
15. d4 O-O 16. Bf4 Bxf4 17. Rxf4 Nf6 18. Nd2 Ned5 19. Rf3 b5 20. c4 bxc4 21.
Nxc4 Rfe8 22. Ne5 c5 23. Rc1 Rec8 24. dxc5 Ra7 25. a3 Rb7 26. b4 Rb5 27. Nd7 Rc7
28. Nxf6+ Nxf6 29. Qd8+ Ne8 30. Qxe8+ Kh7 31. Rxf7 Rxf7 32. Qxf7 1-0

[Event "AUTO-OPEN-2812"]
[Site "http://www.queenalice.com/game.php?id=1183880"]
[Date "2013.5.23"]
[Round "2"]
[White "nitemoves"]
[Black "TorresR"]
[Result "0-1"]
[WhiteElo "1909"]
[BlackElo "1634"]

1. e4 e5 2. Nf3 Nf6 3. Nxe5 Nc6 4. Nxc6 dxc6 5. Nc3 Bc5 6. h3 O-O 7. Bc4 Re8 8.
d3 b5 9. Bb3 b4 10. Ne2 a5 11. Be3 Bxe3 12. fxe3 Be6 13. O-O Bxb3 14. axb3 c5
15. Ng3 c6 16. Qf3 Qc7 17. Nh5 Nxh5 18. Qxh5 f6 19. Qg4 Qe5 0-1

[Event "AUTO-OPEN-2812"]
[Site "http://www.queenalice.com/game.php?id=1183881"]
[Date "2013.5.23"]
[Round "2"]
[White "TorresR"]
[Black "nitemoves"]
[Result "1-0"]
[WhiteElo "1661"]
[BlackElo "1882"]

1. e4 c6 2. d4 d5 3. e5 Bf5 4. Nf3 h6 5. Bd3 Bxd3 6. Qxd3 e6 7. O-O Nd7 8. c4
dxc4 9. Qxc4 Nb6 10. Qd3 Ne7 11. Nc3 Nf5 12. Bd2 Bc5 13. d5 Nxd5 14. Ne4 Be7 15.
Rac1 Nb4 16. Qb3 Qb6 17. a3 Nd5 18. Qxb6 Nxb6 19. Nc5 1-0

[Event "AUTO-ADV-2874"]
[Site "http://www.queenalice.com/game.php?id=1189160"]
[Date "2013.6.9"]
[Round "1"]
[White "willyanF"]
[Black "nitemoves"]
[Result "1-0"]
[WhiteElo "2011"]
[BlackElo "1921"]

1. d4 d5 2. c4 e6 3. Nf3 Nf6 4. Bg5 c6 5. e3 Bd6 6. Bd3 Nbd7 7. O-O O-O 8. Nc3
h6 9. Bh4 a6 10. Qc2 dxc4 11. Bxc4 b5 12. Bd3 Bb7 13. e4 Be7 14. Rac1 c5 15. b3
1-0

[Event "AUTO-ADV-2874"]
[Site "http://www.queenalice.com/game.php?id=1189161"]
[Date "2013.6.9"]
[Round "1"]
[White "nitemoves"]
[Black "willyanF"]
[Result "0-1"]
[WhiteElo "1935"]
[BlackElo "1997"]

1. e4 c5 2. b3 e6 3. Bb2 Nc6 4. f4 d6 5. Nf3 Nf6 6. Nc3 Be7 7. Bc4 a6 8. a4 O-O
9. O-O b6 10. Qe2 Bb7 11. Rae1 Nb4 12. d4 cxd4 13. Nxd4 d5 14. exd5 Nfxd5 15.
Ne4 Bc5 0-1

[Event "AUTO-ADV-2874"]
[Site "http://www.queenalice.com/game.php?id=1189178"]
[Date "2013.6.9"]
[Round "1"]
[White "nitemoves"]
[Black "flanny"]
[Result "1-0"]
[WhiteElo "2038"]
[BlackElo "1721"]

1. e4 e5 2. Nf3 Nc6 3. Bb5 Nd4 4. Nxd4 exd4 5. O-O c6 6. Bc4 b5 7. Bb3 d5 8.
exd5 c5 9. c3 d3 10. Re1+ Be7 11. Qf3 Bb7 12. Bd1 Nf6 13. Qxd3 Bxd5 14. Qxb5+
Nd7 15. Bg4 Be6 16. Bxe6 fxe6 17. Rxe6 O-O 18. Qe2 Rf7 19. d3 Bh4 20. g3 Bf6 21.
Bf4 g5 22. Be3 a5 23. Nd2 Re7 24. Rxe7 Bxe7 25. Ne4 h6 26. d4 cxd4 27. Bxd4 Qf8
28. Qh5 Nf6 29. Nxf6+ Bxf6 30. Qg6+ Bg7 31. Re1 Ra7 32. Bxa7 1-0

[Event "AUTO-ADV-2874"]
[Site "http://www.queenalice.com/game.php?id=1189179"]
[Date "2013.6.9"]
[Round "1"]
[White "flanny"]
[Black "nitemoves"]
[Result "1-0"]
[WhiteElo "1741"]
[BlackElo "1960"]

1. Nf3 Nf6 2. e3 d5 3. Be2 Bf5 4. Nh4 Qd7 5. Nc3 e5 6. O-O Bc5 7. d4 exd4 8.
exd4 Bd6 9. Nxf5 Qxf5 10. Bd3 Qd7 11. Re1+ Be7 12. Bg5 O-O 13. Bxf6 Bxf6 14. Qh5
g6 15. Qf3 Bxd4 16. Nxd5 Nc6 17. c3 Bg7 18. b4 Ne5 19. Qe4 Nxd3 20. Qxd3 Rad8
21. Rad1 Kh8 22. Re7 Qc8 23. Qf3 c6 24. Rc7 Qe6 25. Nf4 Rxd1+ 26. Qxd1 Qe5 27.
Nxg6+ fxg6 28. Rd7 Qf6 29. f3 Qxc3 30. Rd8 Qxb4 31. Rd3 Qc5+ 32. Kh1 1-0

[Event "AUTO-ADV-2874"]
[Site "http://www.queenalice.com/game.php?id=1189180"]
[Date "2013.6.9"]
[Round "1"]
[White "nitemoves"]
[Black "NeyFLA"]
[Result "1-0"]
[WhiteElo "2058"]
[BlackElo "1690"]

1. e4 e5 2. Nf3 Nc6 3. Bb5 d6 4. O-O Nf6 5. Re1 Bd7 6. d4 exd4 7. Nxd4 Nxd4 8.
Bxd7+ Qxd7 9. Qxd4 O-O-O 10. Qxa7 Qb5 11. Nc3 Qc6 12. Bf4 g6 13. a4 Be7 14. a5
Kd7 15. Qd4 Ke8 16. Bg5 1-0

[Event "AUTO-ADV-2874"]
[Site "http://www.queenalice.com/game.php?id=1189181"]
[Date "2013.6.9"]
[Round "1"]
[White "NeyFLA"]
[Black "nitemoves"]
[Result "0-1"]
[WhiteElo "1401"]
[BlackElo "1810"]

1. d4 d5 2. Nf3 Nf6 3. c4 c6 4. Bf4 dxc4 5. e3 b5 6. a3 a6 7. Be2 e6 8. Nc3 Bb7
9. O-O c5 10. b3 cxb3 11. Qxb3 c4 12. Qc2 Nd5 13. Nxd5 Qxd5 14. a4 Be7 15. axb5
axb5 16. Rab1 g5 17. Be5 f6 18. Bg3 f5 0-1

[Event "AUTO-ADV-2792"]
[Site "http://www.queenalice.com/game.php?id=1191784"]
[Date "2013.6.17"]
[Round "2"]
[White "nitemoves"]
[Black "Rutty"]
[Result "0-1"]
[WhiteElo "1969"]
[BlackElo "2136"]

1. e4 e5 2. Nf3 Nc6 3. Bb5 a6 4. Ba4 Bc5 5. c3 b5 6. Bc2 d6 7. h3 Nf6 8. d4 exd4
9. cxd4 Bb4+ 10. Nc3 Bxc3+ 11. bxc3 h6 12. Ba3 Bb7 13. O-O Ne7 14. Re1 O-O 15.
e5 dxe5 0-1

[Event "AUTO-ADV-2792"]
[Site "http://www.queenalice.com/game.php?id=1191785"]
[Date "2013.6.17"]
[Round "2"]
[White "Rutty"]
[Black "nitemoves"]
[Result "1-0"]
[WhiteElo "2129"]
[BlackElo "1979"]

1. d4 d5 2. c4 e6 3. e3 Nf6 4. Nf3 c6 5. Bd3 dxc4 6. Bxc4 b5 7. Bb3 Bb7 8. O-O
c5 9. dxc5 Qxd1 10. Rxd1 Bxc5 11. Nc3 a6 12. a3 Nc6 13. Bc2 O-O 14. b4 Bb6 15.
Bb2 Rfd8 16. Rxd8+ 1-0